0202-津軽鉄道の駅 - Statistics

General Stats
  • This quiz has been taken 65 times
  • The average score is 7 of 12
Answer Stats
本線 % Correct
津軽五所川原
100%
津軽中里
78%
金木
72%
五農校前
57%
津軽飯詰
54%
深郷田
54%
芦野公園
50%
毘沙門
48%
嘉瀬
48%
十川
46%
川倉
39%
大沢内
37%
No matching quizzes found
Score Distribution
Percent of People with Each Score
Percentile by Number Answered
Your Score History
You have not taken this quiz